| 000 | 00592nam a22002057a 4500 | ||
|---|---|---|---|
| 942 | _cBK | ||
| 999 |
_c1026 _d1026 |
||
| 005 | 20250420134833.0 | ||
| 008 | 240501b ||||| |||| 00| 0 eng d | ||
| 020 | _a9780749213879 | ||
| 040 | _cKCST | ||
| 082 |
_a658.409 _bTy Ma |
||
| 100 |
_aTyler, Sheila _97895 |
||
| 245 |
_aThe manager's good study guide / _cSheila Tyler |
||
| 250 | _a3rd | ||
| 260 |
_aMilton Keynes; _bThe Open University, _c2007 |
||
| 300 | _a376 p. | ||
| 650 |
_aManagement _v Handbooks, manuals, etc. _xStudy and teaching _97896 |
||
| 650 |
_a Executives _xIn-service training _97897 |
||
| 942 | _2ddc | ||